| 000 | 00729nam a2200217 a 4500 | ||
|---|---|---|---|
| 005 | 20240919064421.0 | ||
| 008 | 030514s1999 mx r 000 0 spa d | ||
| 020 | _a9681659945 | ||
| 035 | _aUPN01000124089 | ||
| 049 | _aCG | ||
| 050 | 4 |
_aHF1411 _bF5.2 |
|
| 100 | 1 |
_aFlores Olea, Víctor, _d1932- _938761 |
|
| 245 | 1 | 0 |
_aCrítica de la globalidad : _bdominación y liberación en nuestro tiempo / _cVíctor Flores Olea y Abelardo Mariña Flores. |
| 260 |
_aMéxico : _bFCE, _c1999. |
||
| 300 | _a598 p. | ||
| 440 | 0 | _aSección de obras de política y derecho | |
| 650 | 4 |
_aEconomía internacional _914629 |
|
| 650 | 2 |
_aGlobalización _xAspectos sociales _912860 |
|
| 700 | 1 |
_aMariña Flores, Abelardo, _ecoaut. |
|
| 905 | _aLibro | ||
| 999 |
_c96268 _d96268 |
||